Biggest Trading Partners - Russia - One Minute Sprint - Statistics

General Stats
  • This quiz has been taken 102 times
  • The average score is 12 of 19
Answer Stats
exports imports country % Correct
28.7 bil 38.3 bil China
98%
7.0 bil 3.4 bil United Kingdom
95%
9.4 bil 11.1 bil United States
94%
21.3 bil 19.5 bil Germany
87%
6.3 bil 4.0 bil Ukraine
78%
8.5 bil France
77%
9.4 bil 6.7 bil Japan
76%
14.1 bil 9.4 bil Belarus
67%
5.3 bil India
66%
9.1 bil 4.0 bil Poland
63%
10.0 bil 5.1 bil South Korea
61%
11.9 bil 7.8 bil Italy
59%
9.4 bil 3.6 bil Kazakhstan
57%
13.7 bil Turkey
50%
6.5 bil 2.5 bil Finland
45%
2.5 bil Brazil
39%
29.3 bil 3.0 bil Netherlands
32%
5.7 bil Belgium
26%
2.8 bil Czechia
5%
No matching quizzes found
Score Distribution
Percent of People with Each Score
Percentile by Number Answered
Your Score History
You have not taken this quiz